000 01039nam a22003131i 4500
999 _c1206
_d1206
001 019846916
003 UkOxU
005 20221129110542.0
008 140707s2014 enk 000 0 eng|d
015 _aGBB471545
_2bnb
016 7 _a016783983
_2Uk
020 _a9781107662278 (pbk.) :
035 _a(Uk)016783983
040 _aStDuBDS
_beng
_erda
_cStDuBDS
_dUk
_dKH8
042 _aukblsr
082 0 4 _a428.24 GOU
100 1 _aGould, Mike
_c(Children's story writer),
_eauthor.
245 1 0 _aCambridge International AS and A level English language /
_cby Mike Gould, Marilyn Rankin.
264 1 _aCambridge :
_bCambridge University Press,
_c2014.
300 _avi, 298 pages ;
_bcol. ; ill. :
_c28 cm.
336 _atext
_2rdacontent
337 _aunmediated
_2rdamedia
338 _avolume
_2rdacarrier
490 0 _aCambridge International Examinations
500 _aFormerly CIP.
_5Uk
650 0 _aEnglish language
_xStudy and teaching (Secondary)
_xForeign speakers.
700 1 _aRankin, Marilyn,
_eauthor.
942 _2ddc
_cTR